[Event "POL-chT U20 2nd League"]
[Site "Szczyrk"]
[Date "2017.07.25"]
[Round "5.50"]
[White "Szczuraszyk, Jaroslaw"]
[Black "Kucharski, Daniel"]
[Result "1/2-1/2"]
[WhiteElo "1726"]
[BlackElo "1476"]
[PlyCount "85"]
[EventDate "2017.07.22"]
[EventType "team-swiss"]
[EventRounds "11"]
[EventCountry "POL"]
[SourceTitle "EXT 2019"]
[Source "ChessBase"]
[SourceDate "2018.10.10"]
[SourceVersion "1"]
[SourceVersionDate "2018.10.10"]
[SourceQuality "1"]

1. d4 d5 2. c4 e6 3. Nc3 Nf6 4. Bg5 Be7 5. e3 0-0 6. Nf3 Nbd7 7. Qc2 h6 8. Bh4 b6 9. cxd5 exd5 10. Be2 Bb7 11. 0-0 Ne4 12. Bxe7 Qxe7 13. Nxe4 dxe4 14. Nd2 c5 15. dxc5 Nxc5 16. Nb3 Rac8 17. Nxc5 Rxc5 18. Qa4 Ra5 19. Qb3 Rc8 20. Rfd1 Qc5 21. Bg4 Rc7 22. Rd8+ Kh7 23. Rad1 Bc6 24. Bd7 Rxd7 25. R8xd7 Bxd7 26. Rxd7 Qc1+ 27. Rd1 Qc7 28. h3 f5 29. Qe6 Re5 30. Qd7 Qxd7 31. Rxd7 Rb5 32. b3 a5 33. Rd2 Rc5 34. Kf1 b5 35. Ke2 b4 36. Kd1 Kg6 37. Ke2 Kf6 38. f3 Ke5 39. f4+ Ke6 40. g4 g5 41. Kf2 fxg4 42. hxg4 Rc3 43. fxg5 1/2-1/2

[Event "POL-chT U19 2nd League"]
[Site "Iwonicz"]
[Date "2016.07.31"]
[Round "3.86"]
[White "Franek, Krzysztof"]
[Black "Szczuraszyk, Jaroslaw"]
[Result "0-1"]
[WhiteElo "1134"]
[BlackElo "1643"]
[PlyCount "100"]
[EventDate "2016.07.23"]
[EventType "team-swiss"]
[EventRounds "11"]
[EventCountry "POL"]
[SourceTitle "EXT 2019"]
[Source "ChessBase"]
[SourceDate "2018.10.10"]
[SourceVersion "1"]
[SourceVersionDate "2018.10.10"]
[SourceQuality "1"]
[WhiteTeam "Cieszyn MUKS SZS U19"]
[BlackTeam "Wroclaw MUKS MDK Srodmiescie U19 II"]
[WhiteTeamCountry "POL"]
[BlackTeamCountry "POL"]

1. e4 c5 2. Nf3 Nc6 3. Bb5 d6 4. Bxc6+ bxc6 5. 0-0 g6 6. Re1 Bg7 7. e5 d5 8. c3 Bg4 9. d3 Bxf3 10. Qxf3 e6 11. Nd2 Qc7 12. Qe2 Qb6 13. c4 Ne7 14. b3 0-0 15. Bb2 a5 16. Ba3 Nf5 17. Nf3 Rfc8 18. Qb2 a4 19. g4 Nd4 20. Nxd4 cxd4 21. c5 Qb5 22. Qc2 axb3 23. Qxb3 Qb8 24. f4 g5 25. fxg5 Bxe5 26. Qxb8 Rcxb8 27. Bc1 Bc7 28. a4 Rb4 29. a5 Rb5 30. a6 Rxc5 31. Bd2 Rb5 32. Red1 Rb6 33. h3 Rbxa6 34. Rab1 Bd6 35. Kf2 c5 36. Kf3 Ra3 37. Bf4 e5 38. Bc1 e4+ 39. Ke2 Ra2+ 40. Rb2 Rxb2+ 41. Bxb2 Ra2 42. Rd2 Bf4 43. Rc2 Bxg5 44. Kd1 exd3 45. Rg2 c4 46. h4 Be3 47. Bxd4 Rxg2 48. Bxe3 c3 49. g5 Rh2 50. Bd2 Rxd2+ 0-1

[Event "POL-chT U19 2nd League"]
[Site "Iwonicz"]
[Date "2016.07.31"]
[Round "7.86"]
[White "Szczuraszyk, Jaroslaw"]
[Black "Kozlowski, Bartlomiej"]
[Result "1-0"]
[WhiteElo "1643"]
[BlackElo "1474"]
[PlyCount "77"]
[EventDate "2016.07.23"]
[EventType "team-swiss"]
[EventRounds "11"]
[EventCountry "POL"]
[SourceTitle "EXT 2019"]
[Source "ChessBase"]
[SourceDate "2018.10.10"]
[SourceVersion "1"]
[SourceVersionDate "2018.10.10"]
[SourceQuality "1"]
[WhiteTeam "Wroclaw MUKS MDK Srodmiescie U19 II"]
[BlackTeam "Puszcza Marianska UKS Hetman U19"]
[WhiteTeamCountry "POL"]
[BlackTeamCountry "POL"]

1. d4 d5 2. c4 c6 3. Nc3 Nf6 4. Bg5 e6 5. e3 Be7 6. Nf3 0-0 7. Bd3 h6 8. Bh4 Nbd7 9. 0-0 Nb6 10. b3 Qc7 11. Bg3 Qd8 12. h3 dxc4 13. bxc4 Re8 14. Qb3 c5 15. Nb5 Rf8 16. Bc7 Qe8 17. Bxb6 Qc6 18. Nxa7 Qe8 19. Nb5 Qc6 20. Nc7 Rb8 21. Ne5 Qd6 22. f4 Bd8 23. Bxc5 Qxc7 24. Bxf8 Kxf8 25. c5 Bd7 26. Nxd7+ Qxd7 27. Rfc1 Qc7 28. a4 Nd5 29. Be4 Ne7 30. a5 g6 31. Rcb1 Ra8 32. Qxb7 Qxb7 33. Rxb7 Rxa5 34. Rxa5 Bxa5 35. Ra7 Bd8 36. Ra8 Ke8 37. c6 Nxc6 38. Bxc6+ Ke7 39. Kf2 1-0